000
00300nam a22001337a 4500
003
SGT
020
_a
978-81-8487-737-3
082
_a
676.0286
_b
MAJ
100
_a
MAJHI, SASADHAR
245
_a
GREEN CHEMISTRY AND SUSTAINABILITY
260
_a
INDIA
_b
NAROSA
_c
2022
300
_a
274
942
_2
ddc
_c
BK
999
_c
24632
_d
24632